| 000 | 00914nas a2200301 4500 | ||
|---|---|---|---|
| 001 | BR0706340 | ||
| 003 | BR-BrBNA | ||
| 005 | 20231205111246.0 | ||
| 007 | ta | ||
| 008 | 230509b bl.|||p| |||| 00| 00por d | ||
| 040 |
_aBR-BrBNA _bpor _cBiblioteca Nacional de Agricultura |
||
| 041 | _a(Pt) | ||
| 072 | _aL70 | ||
| 100 | 1 | _aRodaski, S. | |
| 100 | 1 | _aWeiss, R.R. | |
| 100 | 1 | _aQuérios, S.D. | |
| 100 | 1 | _aTorres, M.A.M. | |
| 100 | 1 | _aKasecker, G.G. | |
| 100 | 1 | _aBüchele, J. | |
| 100 | 1 | _aNardi, A.B. | |
| 245 | 1 | _aEsterilização química em cães com aplicação intra-epididimária de solução de adrenalina 0,1 por cento e lugol 10 por cento | |
| 650 | _aCÃO | ||
| 650 | _aADRENALINA | ||
| 650 | _aCASTRAÇÃO | ||
| 773 | 0 |
_tArchives of Veterinary Science (Brazil) _xISSN 1517-784 _g(2001), V. 6(2) p. 9-17 _wBR0706340 |
|
| 909 |
_a202311 _bLúcia _c55 _dLúcia Elande |
||
| 942 |
_2AGRIS _n0 _cANA |
||
| 999 |
_c191672 _d191672 |
||